000 00606nam a22002417a 4500
003 UA-OsUOA
001 43414
007 ta
008 20061222b un ||||| |||| 00| 0 ukr d
100 _aПьюзо М.
090 _a821.111
_bП96
942 _cBK
040 _aUA-OsUOA
_brus
_cUA-OsUOA
_dUA-OsUOA
245 _aКрестный отец
300 _a370 с.
955 _a3
041 _arus
080 _a821.111
020 _a5-85860-03-4
260 _aТаллинн
_bАрикс
_c1992
650 7 _a82 Література. Літературознавство
_2UDC
999 _c329542
_d329542